01688cam a2200373 a 450000100090000000300040000900500170001300800410003001000170007101500190008801600180010702000220012502000180014703500230016504000440018804200140023204300210024605000240026708200260029110000190031724500910033626001070042730000210053450400660055560000610062160000670068260000740074965000560082365100730087965100730095285601060102585600910113185600920122214199478OSt20230921132054.0051214s2005 enk e b 001 0 eng  a 2005296784 aGBA5051902bnb7 a0130863852Uk a185043767X (hbk.) a9781850437673 a(OCoLC)ocm57484207 aUKMcUKMdOCLCQdBWKUKdBAKERdIXAdDLC alccopycat ae-uk---aaw-----00aDS63.2.G7bN28 200504a327.4105609034bNAS/F1 aNash, Geoffrey10aFrom empire to orient :btravellers to the Middle East, 1830-1926 /cGeoffrey P. Nash. aLondon ;aNew York :bI.B. Tauris ;aNew York :bDistributed in the U.S. by Palgrave Macmillan,c2005. a252 p. ;c24 cm. aIncludes bibliographical references (p. [235]-245) and index.10aUrquhart, David,d1805-1877xPolitical and social views.10aBlunt, Wilfrid Scawen,d1840-1922xPolitical and social views.10aPickthall, Marmaduke William,d1875-1936xPolitical and social views. 0aAnti-imperialist movementszGreat BritainxHistory. 0aMiddle EastxForeign public opinion, BritishxHistoryy19th century. 0aMiddle EastxForeign public opinion, BritishxHistoryy20th century.423Contributor biographical informationuhttp://www.loc.gov/catdir/enhancements/fy0627/2005296784-b.html423Publisher descriptionuhttp://www.loc.gov/catdir/enhancements/fy0627/2005296784-d.html413Table of contents onlyuhttp://www.loc.gov/catdir/enhancements/fy0627/2005296784-t.html